Dean's handbook of organic chemistry

Gespeichert in:
Bibliographische Detailangaben
1. Verfasser: Gokel, George W.
Format: Buch
Sprache:Undetermined
Veröffentlicht: New York McGraw-Hill 2004
Schlagworte:
Tags: Tag hinzufügen
Keine Tags, Fügen Sie den ersten Tag hinzu!
Thư viện lưu trữ: Trung tâm Học liệu Trường Đại học Cần Thơ
LEADER 00504nam a2200193Ia 4500
001 CTU_61410
008 210402s9999 xx 000 0 und d
020 |b 1963000 
082 |a 547 
082 |b G615 
100 |a Gokel, George W. 
245 0 |a Dean's handbook of organic chemistry 
245 0 |c George W. Gokel 
260 |a New York 
260 |b McGraw-Hill 
260 |c 2004 
650 |a Chemistry, organic 
904 |i Minh, Năm 
980 |a Trung tâm Học liệu Trường Đại học Cần Thơ